000 00709nam a2200253Ia 4500
003 OSt
005 20220918184600.0
006 a|||||r|||| 00| 0
007 ta
008 220917b |||||||| |||| 00| 0 eng d
024 _a47,175
037 _cTextual
040 _aARTS
_cARTS
_beng
041 _2eng
_aeng
082 _aP, K47 (PD)-;1
100 _aGarvin Paul L
_966102
245 0 _aLinguistic method
_b selected papers
260 _aHague
_bMouton
_c1964
300 _a158p.
_ccm.
490 _aJanua linguarum : series minor ed by Cornelis H Van Schooneveld; 30
650 _aLINGUISTICS
942 _hP, K47 (PD)-;1
_cTEXL
_2CC
999 _c177044
_d177044